Glee Character Trivia Quiz Stats

Quiz not verified by Sporcle

Challenge
Share
Tweet
Embed
Score 0/20 Timer 20:00
0 Plays Today
Info Character % Correct
She want's to be on broadwayRachel Berry
98.7%
He's gay, Finn's brotherKurt Hummel
97.4%
She faked her stutterTina Cohen-Chang
96.1%
He died, but wanted to be a teacherFinn Hudson
93.5%
Use to be Lucy Caboosey. Was in a wheelchair for most of senior yearQuinn Fabray
92.6%
Kurt's fianceBlaine Anderson
92.3%
He's in a wheelchairArtie Abrams
91.9%
Cant sign, but is an amazing dancerMike Chang
91.9%
Is a bitch to hide her feelingsSantana Lopez
89.7%
Is dumb, But got a perfect score on her SAT'sBrittany S. Pierce
89.4%
Info Character % Correct
Puck's younger brotherJake Puckerman
85.8%
Is a badassNoah 'Puck' Puckerman
85.2%
Can do really good impressionsSam Evans
85.2%
A mean girl, the new QuinnKitty Wilde
84.8%
A girl who just wants to fit inMarley Rose
81.9%
A transgenderWade 'Unique' Adams
80.3%
RICHSugar Motta
78.1%
The new guyRyder Lynn
75.2%
A religus guyJoe Hart
74.2%
The first to auditionMercades Jones
16.1%

You're not logged in!

Compare scores with friends on all Sporcle quizzes.
Sign Up with Email
OR
Log In

You Might Also Like...

Show Comments

Extras

Top Quizzes Today


Score Distribution

Your Account Isn't Verified!

In order to create a playlist on Sporcle, you need to verify the email address you used during registration. Go to your Sporcle Settings to finish the process.